[Event "Maastricht Limburg op-C 5th"]
[Site "Maastricht"]
[Date "2011.06.13"]
[Round "6"]
[White "De Coninck, Erik"]
[Black "Memeti, Memet"]
[Result "0-1"]
[WhiteElo "1154"]
[BlackElo "1464"]
[PlyCount "48"]
[EventDate "2011.06.10"]
[EventType "swiss"]
[EventRounds "7"]
[EventCountry "NED"]
[SourceTitle "EXT 2012"]
[Source "ChessBase"]
[SourceDate "2011.11.24"]
[SourceVersion "1"]
[SourceVersionDate "2011.11.24"]
[SourceQuality "1"]

1. d4 g6 2. Bf4 Bg7 3. e3 d6 4. Nf3 Nd7 5. Nbd2 Ngf6 6. Bd3 c6 7. c3 0-0 8. 0-0 Re8 9. Bg3 e5 10. e4 exd4 11. cxd4 Nf8 12. Qc2 Qd7 13. Rfe1 Nh5 14. e5 Nxg3 15. hxg3 dxe5 16. dxe5 Ne6 17. Nb3 Qc7 18. Qc3 b6 19. Be4 Bb7 20. Nbd4 Nxd4 21. Nxd4 Bxe5 22. Bxc6 Bxd4 23. Qxd4 Qxc6 24. Red1 Qxg2# 0-1

[Event "Maastricht Limburg op-C 5th"]
[Site "Maastricht"]
[Date "2011.06.12"]
[Round "4"]
[White "Vossen, Patrick"]
[Black "Memeti, Memet"]
[Result "1/2-1/2"]
[WhiteElo "1310"]
[BlackElo "1464"]
[PlyCount "92"]
[EventDate "2011.06.10"]
[EventType "swiss"]
[EventRounds "7"]
[EventCountry "NED"]
[SourceTitle "EXT 2012"]
[Source "ChessBase"]
[SourceDate "2011.11.24"]
[SourceVersion "1"]
[SourceVersionDate "2011.11.24"]
[SourceQuality "1"]

1. d4 g6 2. Nf3 Bg7 3. e3 d6 4. Bd3 c6 5. Nbd2 Nf6 6. 0-0 0-0 7. Re1 Nbd7 8. c3 b5 9. e4 e5 10. Nb3 exd4 11. Nfxd4 Ne5 12. Bf4 Nfd7 13. Bc2 Bb7 14. Qd2 Nc4 15. Qc1 a6 16. Nd2 Nxd2 17. Qxd2 Ne5 18. Bb3 c5 19. Bxe5 dxe5 20. Nf3 Qxd2 21. Nxd2 Rad8 22. Rad1 Rd6 23. Nf3 Rxd1 24. Bxd1 Rd8 25. Bc2 f6 26. Kf1 Kf7 27. Ke2 Ke6 28. Rd1 Rxd1 29. Kxd1 f5 30. exf5+ gxf5 31. Nh4 e4 32. g3 Bf6 33. Ng2 Ke5 34. h4 Bd5 35. a3 Bf7 36. Kd2 Bg7 37. Bd1 a5 38. Be2 b4 39. c4 Kd6 40. axb4 axb4 41. b3 Bc3+ 42. Kd1 Ke5 43. Kc2 Bd4 44. Ne3 h5 45. Kd2 Bg6 46. Bd1 f4 1/2-1/2